| 000 | 00519cam a2200193ua 4500 | ||
|---|---|---|---|
| 020 | _c50.00 | ||
| 041 |
_aeng _h |
||
| 082 |
_a631.45 _bMAK/SI |
||
| 100 | _aMakkink, G F . | ||
| 245 |
_aSimulation of the water balance of arable land and pastures / _cG F Makkink. _hTextual Documents |
||
| 250 |
_a1 / _b. |
||
| 260 |
_aNew Delhi : _bOxford & IBH Publishing company , _c1974. |
||
| 300 | _a79 ; . | ||
| 365 | _a50.00 | ||
| 504 | _a | ||
| 700 | 1 | _aHeemst, H D Jan . | |
| 942 | _cBK | ||
| 999 |
_c9351 _d9351 |
||